<?xml version="1.0" encoding="UTF-8"?>
<record
    xmlns:xsi="http://www.w3.org/2001/XMLSchema-instance"
    xsi:schemaLocation="http://www.loc.gov/MARC21/slim http://www.loc.gov/standards/marcxml/schema/MARC21slim.xsd"
    xmlns="http://www.loc.gov/MARC21/slim">

  <leader>01192nam a2200253 a 4500</leader>
  <controlfield tag="001">72214</controlfield>
  <controlfield tag="003">BD-RjUL</controlfield>
  <controlfield tag="005">20211209082227.0</controlfield>
  <controlfield tag="008">170515s1948    ii ||||| |||| 00| 0 ben d</controlfield>
  <datafield tag="020" ind1=" " ind2=" ">
    <subfield code="c"> : Tk. 3.50</subfield>
  </datafield>
  <datafield tag="035" ind1=" " ind2=" ">
    <subfield code="a">(BD-RjUL)72430</subfield>
  </datafield>
  <datafield tag="040" ind1=" " ind2=" ">
    <subfield code="a">BD-RjUL</subfield>
    <subfield code="b">ben</subfield>
    <subfield code="c">BD-RjUL</subfield>
  </datafield>
  <datafield tag="041" ind1=" " ind2=" ">
    <subfield code="a">ben</subfield>
  </datafield>
  <datafield tag="082" ind1=" " ind2=" ">
    <subfield code="2">23</subfield>
    <subfield code="a">853.09</subfield>
    <subfield code="b">MUK 1948</subfield>
  </datafield>
  <datafield tag="100" ind1="1" ind2="0">
    <subfield code="a">&#x9AE;&#x9C1;&#x9B8;&#x9CB;&#x9B2;&#x9BF;&#x9A8;&#x9C0;, &#x9AC;&#x9C7;&#x9A8;&#x9BF;&#x9A4;&#x9CB;</subfield>
    <subfield code="9">213558</subfield>
  </datafield>
  <datafield tag="245" ind1="1" ind2="0">
    <subfield code="a">&#x995;&#x9BE;&#x9B0;&#x9CD;&#x9A1;&#x9BF;&#x9A8;&#x9BE;&#x9B2;&#x9C7;&#x9B0; &#x9AA;&#x9CD;&#x9B0;&#x9A3;&#x9AF;&#x9BC;&#x9BF;&#x9A8;&#x9C0; /</subfield>
    <subfield code="c">&#x9AC;&#x9C7;&#x9A8;&#x9BF;&#x9A4;&#x9CB; &#x9AE;&#x9C1;&#x9B8;&#x9CB;&#x9B2;&#x9BF;&#x9A8;&#x9C0;, &#x985;&#x9A8;&#x9C1;&#x9AC;&#x9BE;&#x9A6; &#x9AA;&#x9B0;&#x9C7;&#x9B6;&#x995;&#x9BE;&#x9A8;&#x9CD;&#x9A4; &#x997;&#x9BE;&#x999;&#x9CD;&#x997;&#x9C1;&#x9B2;&#x9C0; &#x98F;&#x9AC;&#x982; &#x9B8;&#x9AE;&#x9CD;&#x9AA;&#x9BE;&#x9A6;&#x9A8;&#x9BE; &#x99C;&#x997;&#x9A6;&#x9BF;&#x9A8;&#x9CD;&#x9A6;&#x9C1; &#x9AC;&#x9BE;&#x997;&#x99A;&#x9C0;</subfield>
  </datafield>
  <datafield tag="260" ind1=" " ind2=" ">
    <subfield code="a">&#x995;&#x9B2;&#x9BF;&#x995;&#x9BE;&#x9A4;&#x9BE; :</subfield>
    <subfield code="b">&#x9B0;&#x9C0;&#x9A1;&#x9BE;&#x9B0;&#x9CD;&#x9B8; &#x995;&#x9B0;&#x9CD;&#x9A3;&#x9BE;&#x9B0;,</subfield>
    <subfield code="c">&#x9E7;&#x9EF;&#x9EA;&#x9EE; [&#x9E7;&#x9E9;&#x9EB;&#x9EB;]</subfield>
  </datafield>
  <datafield tag="300" ind1=" " ind2=" ">
    <subfield code="a">&#x9E9;&#x9E7;&#x9ED; &#x9AA;&#x9C3;. ;</subfield>
    <subfield code="c">&#x9E7;&#x9EE; &#x9B8;&#x9C7;&#x9AE;&#x9BF;.</subfield>
  </datafield>
  <datafield tag="650" ind1=" " ind2=" ">
    <subfield code="a">&#x987;&#x9A4;&#x9BE;&#x9B2;&#x9C0;&#x9AF;&#x9BC; &#x989;&#x9AA;&#x9A8;&#x9CD;&#x9AF;&#x9BE;&#x9B8;</subfield>
    <subfield code="x">&#x987;&#x9A4;&#x9BF;&#x9B9;&#x9BE;&#x9B8; &#x993; &#x9B8;&#x9AE;&#x9BE;&#x9B2;&#x9CB;&#x99A;&#x9A8;&#x9BE;</subfield>
    <subfield code="9">213559</subfield>
  </datafield>
  <datafield tag="650" ind1=" " ind2=" ">
    <subfield code="a">Italian fiction</subfield>
    <subfield code="x">history and criticism</subfield>
    <subfield code="9">213560</subfield>
  </datafield>
  <datafield tag="700" ind1=" " ind2=" ">
    <subfield code="a">&#x997;&#x9BE;&#x999;&#x9CD;&#x997;&#x9C1;&#x9B2;&#x9C0;, &#x9AA;&#x9B0;&#x9C7;&#x9B6;&#x995;&#x9BE;&#x9A8;&#x9CD;&#x9A4; </subfield>
    <subfield code="9">213561</subfield>
  </datafield>
  <datafield tag="700" ind1=" " ind2=" ">
    <subfield code="a">&#x9AC;&#x9BE;&#x997;&#x99A;&#x9C0;, &#x99C;&#x997;&#x9A6;&#x9BF;&#x9A8;&#x9CD;&#x9A6;&#x9C1; </subfield>
    <subfield code="9">213562</subfield>
  </datafield>
  <datafield tag="942" ind1=" " ind2=" ">
    <subfield code="2">ddc</subfield>
    <subfield code="c">BK</subfield>
  </datafield>
  <datafield tag="999" ind1=" " ind2=" ">
    <subfield code="c">72214</subfield>
    <subfield code="d">72214</subfield>
  </datafield>
  <datafield tag="952" ind1=" " ind2=" ">
    <subfield code="0">0</subfield>
    <subfield code="1">0</subfield>
    <subfield code="2">ddc</subfield>
    <subfield code="4">0</subfield>
    <subfield code="7">1</subfield>
    <subfield code="8">FIC</subfield>
    <subfield code="a">RUCL</subfield>
    <subfield code="b">RUCL</subfield>
    <subfield code="c">Reading</subfield>
    <subfield code="d">1959-10-10</subfield>
    <subfield code="e">Owasi book</subfield>
    <subfield code="g">4.09</subfield>
    <subfield code="l">0</subfield>
    <subfield code="o">B 853.09 MUK 1948</subfield>
    <subfield code="r">2017-05-15 00:00:00</subfield>
    <subfield code="t">C-1</subfield>
    <subfield code="w">2017-05-15</subfield>
    <subfield code="y">BK</subfield>
  </datafield>
</record>
